[Event "1. OEsterreichische Internet Schach Meisterschaft - Vorrunde 3"]
[Site "Online - Playchess.com"]
[Date ""]
[Round "3"]
[Board "36"]
[White "Bachler, Reinhard"]
[Black "Wimmer, Norbert"]
[Result "1-0"]
[WhiteElo "2143"]
[BlackElo "1973"]
[PlyCount "95"]
[EventDate "2020.04.17"]
[EventRounds "9"]
[EventCountry "AUT"]

1. f4 d5 2. Nf3 Nc6 3. e3 Bg4 4. Bb5 a6 5. Bxc6+ bxc6 6. b3 e6 7. Bb2 Nf6 8. O-O
Be7 9. d3 c5 10. Nbd2 O-O 11. Qe1 Bxf3 12. Rxf3 Nd7 13. Rh3 Bf6 14. Bxf6 Qxf6 15.
Rb1 Rfe8 16. Qh4 Qxh4 17. Rxh4 e5 18. f5 g6 19. Rf1 g5 20. Rg4 f6 21. e4 c6 22. h4
h6 23. hxg5 hxg5 24. Kf2 Kg7 25. Rh1 Rh8 26. Rxh8 Rxh8 27. Rg3 Rh1 28. Nf1 a5 29.
Rh3 Rxh3 30. gxh3 Kf7 31. Ne3 Nb6 32. Kg3 d4 33. Nd1 a4 34. Nb2 axb3 35. cxb3 Ke7
36. Nc4 Na8 37. Kg4 Nc7 38. a4 Na6 39. Kh5 Nb4 40. Nb2 Kf7 41. Kh6 Na6 42. a5 Nb4
43. Kh7 Na6 44. Na4 Kf8 45. Kg6 Ke7 46. Kg7 c4 47. bxc4 c5 48. Kg6  1-0

[Event "1. OEsterreichische Internet Schach Meisterschaft - Vorrunde 3"]
[Site "Online - Playchess.com"]
[Date ""]
[Round "3"]
[Board "37"]
[White "Schernthaner, David"]
[Black "Gallob, Marko"]
[Result "1-0"]
[WhiteElo "2220"]
[BlackElo "1961"]
[PlyCount "51"]
[EventDate "2020.04.17"]
[EventRounds "9"]
[EventCountry "AUT"]

1. e4 e6 2. d4 d5 3. Nd2 Be7 4. Bd3 c5 5. dxc5 Nc6 6. exd5 Qxd5 7. Ne4 Nb4 8. Bb5+
Bd7 9. Bxd7+ Kxd7 10. Qe2 Nf6 11. Nxf6+ Bxf6 12. Qb5+ Qc6 13. Qxb4 Qxg2 14. Bf4 Rhd8
15. O-O-O+ Ke8 16. Qb5+ Kf8 17. Bd6+ Be7 18. Bxe7+ Kxe7 19. Ne2 Qg5+ 20. f4 Rxd1+
21. Rxd1 Qg2 22. Qd7+ Kf6 23. Qd4+ Ke7 24. Qd6+ Ke8 25. Nc3 Qf3 26. Nb5  1-0

[Event "1. OEsterreichische Internet Schach Meisterschaft - Vorrunde 3"]
[Site "Online - Playchess.com"]
[Date ""]
[Round "3"]
[Board "38"]
[White "Pali, Philipp"]
[Black "Tischler, Michel"]
[Result "1-0"]
[WhiteElo "2245"]
[BlackElo "1517"]
[PlyCount "81"]
[EventDate "2020.04.17"]
[EventRounds "9"]
[EventCountry "AUT"]

1. c4 c5 2. Nf3 Nc6 3. g3 d6 4. Bg2 g6 5. d3 Bg7 6. Nc3 Nf6 7. O-O O-O 8. a3 Bd7
9. Rb1 Qc8 10. Re1 Re8 11. b4 b6 12. h4 e5 13. bxc5 bxc5 14. Bg5 h6 15. Bxf6 Bxf6
16. Nd5 Bg7 17. Nd2 Rb8 18. Ne4 Bf8 19. Nef6+ Kg7 20. Nxe8+ Bxe8 21. Rxb8 Qxb8 22.
Qb1 Qc8 23. e3 Bd7 24. Qb2 Kg8 25. Nf6+ Kg7 26. Nxd7 Qxd7 27. Bxc6 Qxc6 28. Rb1 Kg8
29. Qb7 Qa4 30. Rb3 Bg7 31. Qb5 Qxb5 32. Rxb5 e4 33. dxe4 Be5 34. Ra5 Bc3 35. Rxa7
Kg7 36. a4 Kf6 37. a5 Ke6 38. a6 Ba5 39. Rb7 d5 40. exd5+ Kd6 41. a7  1-0

[Event "1. OEsterreichische Internet Schach Meisterschaft - Vorrunde 3"]
[Site "Online - Playchess.com"]
[Date ""]
[Round "3"]
[Board "39"]
[White "Simon, Christopher"]
[Black "Mittelberger, Peter"]
[Result "0-1"]
[WhiteElo "1824"]
[BlackElo "2176"]
[PlyCount "170"]
[EventDate "2020.04.17"]
[EventRounds "9"]
[EventCountry "AUT"]

1. d4 d6 2. Bf4 g6 3. e3 Bg7 4. Nf3 Nf6 5. c3 O-O 6. Nbd2 c5 7. Bc4 a6 8. a4 Qc7
9. h3 Nbd7 10. O-O b6 11. Re1 Bb7 12. Bf1 Rfe8 13. Bg3 Rab8 14. Qc2 Ba8 15. Bxa6
Bc6 16. Bf1 b5 17. axb5 Bxb5 18. Bxb5 Rxb5 19. Nc4 Rc8 20. Ra4 Qb7 21. Rb1 cxd4 22.
Nxd4 Rbc5 23. Nd2 Nd5 24. Qb3 Qxb3 25. N2xb3 R5c7 26. Ra5 N7f6 27. Nd2 Rb7 28. Raa1
Rcb8 29. Nc4 Nxc3 30. bxc3 Rxb1+ 31. Rxb1 Rxb1+ 32. Kh2 Ne4 33. Nc6 Bf6 34. Bf4 g5
35. Bg3 Nxg3 36. Kxg3 Rc1 37. Nd2 Rxc3 38. Nb4 Ra3 39. Nf3 Kg7 40. Nd5 Ra5 41. Nc3
Rc5 42. Ne2 Rc2 43. Ned4 Bxd4 44. Nxd4 Rc5 45. Nf3 h6 46. Nd4 Ra5 47. Kf3 e5 48.
Ne2 Rc5 49. Ng3 Kg6 50. Ke4 f5+ 51. Kf3 e4+ 52. Ke2 Rc2+ 53. Ke1 Ra2 54. Nf1 Kf6
55. Nd2 Rxd2 56. Kxd2 Ke5 57. Kc3 Kd5 58. Kb4 Kc6 59. Kc4 d5+ 60. Kb4 Kd6 61. Kb3
Kc5 62. Kc3 f4 63. g3 fxg3 64. fxg3 h5 65. g4 h4 66. Kd2 d4 67. exd4+ Kxd4 68. Ke2
e3 69. Ke1 Ke5 70. Ke2 Ke4 71. Ke1 Kf3 72. Kf1 Kg3 73. Ke2 Kxh3 74. Kxe3 Kxg4 75.
Kf2 Kf4 76. Kg2 g4 77. Kh2 Ke3 78. Kg2 Ke2 79. Kg1 Kf3 80. Kh2 g3+ 81. Kg1 g2 82.
Kh2 Kf2 83. Kh3 g1=Q 84. Kxh4 Qg6 85. Kh3 Qg3#  0-1

[Event "1. OEsterreichische Internet Schach Meisterschaft - Vorrunde 3"]
[Site "Online - Playchess.com"]
[Date ""]
[Round "3"]
[Board "41"]
[White "Exler, Veronika"]
[Black "Grosse, Manfred"]
[Result "1-0"]
[WhiteElo "2155"]
[BlackElo "1860"]
[PlyCount "57"]
[EventDate "2020.04.17"]
[EventRounds "9"]
[EventCountry "AUT"]

1. e4 d5 2. exd5 Qxd5 3. Nc3 Qa5 4. d4 c6 5. Nf3 Nf6 6. Bc4 Bf5 7. Bd2 Qc7 8. Qe2
e6 9. O-O-O Be7 10. Ne5 O-O 11. g4 Bg6 12. h4 b5 13. Bb3 a5 14. h5 a4 15. hxg6 axb3
16. gxf7+ Rxf7 17. cxb3 Nbd7 18. Nxf7 Kxf7 19. g5 Nd5 20. Qh5+ Kf8 21. Qxh7 Kf7 22.
g6+ Ke8 23. Qxg7 Nxc3 24. Qf7+ Kd8 25. Rh8+ Nf8 26. Bxc3 Kd7 27. g7 Rxa2 28. gxf8=N+
Kd6 29. Qxe6#  1-0

[Event "1. OEsterreichische Internet Schach Meisterschaft - Vorrunde 3"]
[Site "Online - Playchess.com"]
[Date ""]
[Round "3"]
[Board "42"]
[White "Prinz, Hubert"]
[Black "Kruckenhauser, Arthur"]
[Result "0-1"]
[WhiteElo "1956"]
[BlackElo "2233"]
[PlyCount "70"]
[EventDate "2020.04.17"]
[EventRounds "9"]
[EventCountry "AUT"]

1. d4 Nf6 2. Nf3 c5 3. e3 e6 4. c3 Be7 5. Bd3 O-O 6. O-O d5 7. Nbd2 Nc6 8. Re1 Rb8
9. dxc5 Bxc5 10. b4 Be7 11. Bb2 e5 12. e4 dxe4 13. Nxe4 Nxe4 14. Bxe4 f6 15. Qb3+
Kh8 16. Rad1 Qc7 17. Qc2 f5 18. Bxc6 e4 19. Bxe4 fxe4 20. Qxe4 Bf6 21. Ne5 b6 22.
f4 Bb7 23. Qe3 Rbd8 24. c4 Rxd1 25. Rxd1 Qe7 26. a3 Bc8 27. Re1 Qc7 28. h3 Bb7 29.
Qe2 Qd6 30. c5 bxc5 31. bxc5 Qxc5+ 32. Kh1 Qd5 33. Rd1 Qb3 34. Qd3 Qxb2 35. Qd6 Qxg2#
 0-1

[Event "1. OEsterreichische Internet Schach Meisterschaft - Vorrunde 3"]
[Site "Online - Playchess.com"]
[Date ""]
[Round "3"]
[Board "43"]
[White "Birklbauer, Toni"]
[Black "Heinrici, Simon"]
[Result "1/2-1/2"]
[WhiteElo "2034"]
[BlackElo "2151"]
[PlyCount "103"]
[EventDate "2020.04.17"]
[EventRounds "9"]
[EventCountry "AUT"]

1. d4 d5 2. c4 e6 3. Nc3 Nf6 4. Bg5 c6 5. Nf3 Nbd7 6. e3 Be7 7. Qc2 O-O 8. Bd3 dxc4
9. Bxc4 b5 10. Bd3 a6 11. h4 Bb7 12. Ne5 c5 13. Nxd7 Qxd7 14. Bxf6 Bxf6 15. dxc5
Bxc3+ 16. Qxc3 f6 17. Rd1 Qc6 18. f3 a5 19. Be4 Qc7 20. Bxb7 Qxb7 21. c6 Qb6 22.
Rd6 e5 23. O-O Rac8 24. Rfd1 b4 25. Qc4+ Kh8 26. Kf2 h6 27. h5 Rc7 28. Qe4 Qc5 29.
Rd7 Rxd7 30. cxd7 Rd8 31. Qd5 Qc2+ 32. Rd2 Qc1 33. Qd6 Kh7 34. Qd3+ Kh8 35. Qd6 Kh7
36. Rd3 Qxb2+ 37. Rd2 Qc1 38. Qd3+ Kh8 39. Qd6 Qc3 40. Re2 Qc4 41. Qe7 Qc7 42. Rd2
Kh7 43. Qe6 Qb8 44. Qf5+ Kh8 45. Qe6 Qc7 46. Qe7 Qb8 47. Rd3 Qc7 48. Qe8+ Kh7 49.
Qg6+ Kh8 50. Qe8+ Kh7 51. Qg6+ Kh8 52. Qe8+  1/2-1/2

[Event "1. OEsterreichische Internet Schach Meisterschaft - Vorrunde 3"]
[Site "Online - Playchess.com"]
[Date ""]
[Round "3"]
[Board "44"]
[White "Nolz, Tom"]
[Black "Pernerstorfer, Max"]
[Result "0-1"]
[WhiteElo "2157"]
[BlackElo "1985"]
[PlyCount "74"]
[EventDate "2020.04.17"]
[EventRounds "9"]
[EventCountry "AUT"]

1. c4 Nf6 2. g4 Nxg4 3. e4 d6 4. Be2 Nf6 5. Nc3 e5 6. Nf3 Nc6 7. d4 Bg4 8. d5 Bxf3
9. Bxf3 Ne7 10. Be3 Qd7 11. h4 h5 12. Bg5 Ng4 13. Rg1 f6 14. Rxg4 hxg4 15. Bxg4 Qd8
16. Be3 Rxh4 17. Qf3 c5 18. O-O-O Qa5 19. Be6 a6 20. Qg3 Rh8 21. f4 Qb4 22. fxe5
fxe5 23. Rf1 Qxc4 24. Bf7+ Kd8 25. Rg1 Kc7 26. Kb1 Rd8 27. a3 b5 28. Rc1 Qd3+ 29.
Ka1 Kb8 30. Bxc5 Qxg3 31. Bb6 Rc8 32. Na2 Rxc1+ 33. Nxc1 Qe1 34. Kb1 Rh1 35. Be3
Qxe3 36. Ka2 Qxc1 37. Kb3 Qc4#  0-1

[Event "1. OEsterreichische Internet Schach Meisterschaft - Vorrunde 3"]
[Site "Online - Playchess.com"]
[Date ""]
[Round "3"]
[Board "45"]
[White "Schumi, Manfred"]
[Black "Katter, Marlene"]
[Result "1-0"]
[WhiteElo "2202"]
[BlackElo "1609"]
[PlyCount "111"]
[EventDate "2020.04.17"]
[EventRounds "9"]
[EventCountry "AUT"]

1. e4 e6 2. d4 d5 3. Nd2 dxe4 4. Nxe4 Nd7 5. Bd3 Ngf6 6. Qe2 Nxe4 7. Bxe4 c5 8. Nf3
Be7 9. O-O O-O 10. c3 Nf6 11. Bc2 b6 12. dxc5 Bxc5 13. Be3 Bxe3 14. Qxe3 Bb7 15.
Rad1 Qc7 16. Ne5 Rfd8 17. h4 Rxd1 18. Rxd1 Rd8 19. Rxd8+ Qxd8 20. Qd3 Qxd3 21. Bxd3
Be4 22. Kf1 Kf8 23. f3 Bxd3+ 24. Nxd3 Ke7 25. Ke2 Kd6 26. c4 Nd7 27. Ke3 e5 28. b4
f6 29. h5 g6 30. hxg6 hxg6 31. Nf2 f5 32. g4 Nf6 33. Kd3 fxg4 34. fxg4 Kc6 35. g5
Nd7 36. Ke4 a5 37. a3 axb4 38. axb4 Kd6 39. Nd3 Ke6 40. c5 bxc5 41. bxc5 Ke7 42.
Kd5 Nb8 43. Nxe5 Kf8 44. Nxg6+ Kf7 45. Ne5+ Kg7 46. c6 Nxc6 47. Kxc6 Kg8 48. Kd6
Kg7 49. Ke6 Kg8 50. Kf6 Kf8 51. g6 Kg8 52. g7 Kh7 53. Kf7 Kh6 54. g8=Q Kh5 55. Qg4+
Kh6 56. Qg6#  1-0

[Event "1. OEsterreichische Internet Schach Meisterschaft - Vorrunde 3"]
[Site "Online - Playchess.com"]
[Date ""]
[Round "3"]
[Board "46"]
[White "Rotter, Harald"]
[Black "Schloffer, Jasmin-Denise"]
[Result "0-1"]
[WhiteElo "1854"]
[BlackElo "2110"]
[PlyCount "62"]
[EventDate "2020.04.17"]
[EventRounds "9"]
[EventCountry "AUT"]

1. e4 e5 2. Nf3 Nc6 3. Bc4 Bc5 4. c3 Nf6 5. d3 d6 6. b4 Bb6 7. a4 a5 8. b5 Ne7 9.
h3 Ng6 10. O-O O-O 11. Re1 Be6 12. Na3 Nh5 13. Bxe6 fxe6 14. Nc4 Nhf4 15. Kh2 Qf6
16. Nxb6 cxb6 17. Be3 Rac8 18. c4 Nxh3 19. Kxh3 Nf4+ 20. Bxf4 Qxf4 21. Re3 Rf6 22.
g3 Rh6+ 23. Kg2 Qg4 24. Nh2 Qh3+ 25. Kf3 Rf8+ 26. Ke2 Qxh2 27. Rf3 Rxf3 28. Kxf3
Rf6+ 29. Kg4 Kf7 30. Qg1 h5+ 31. Kg5 Rg6#  0-1

[Event "1. OEsterreichische Internet Schach Meisterschaft - Vorrunde 3"]
[Site "Online - Playchess.com"]
[Date ""]
[Round "3"]
[Board "47"]
[White "Moerwald, Magdalena"]
[Black "Teuschler, Hugo"]
[Result "1-0"]
[WhiteElo "1791"]
[BlackElo "2055"]
[PlyCount "109"]
[EventDate "2020.04.17"]
[EventRounds "9"]
[EventCountry "AUT"]

1. e4 c5 2. Nf3 d6 3. d4 cxd4 4. Qxd4 a6 5. Nc3 Nc6 6. Qd1 e5 7. b3 h6 8. Ba3 Nf6
9. Be2 b5 10. Bb2 Be7 11. O-O O-O 12. a4 b4 13. Nd5 Nxe4 14. Nxe7+ Nxe7 15. Qd3 Nc5
16. Qd2 Qb6 17. Rad1 Ne4 18. Qd3 Bb7 19. Nd2 Nxd2 20. Rxd2 Rad8 21. Rfd1 Ng6 22.
Qg3 Nf4 23. Bc4 Nxg2 24. Bd5 Bxd5 25. Rxd5 Nf4 26. R5d2 f6 27. Kh1 Qc6+ 28. f3 d5
29. Rg1 Rf7 30. Bc1 d4 31. Qh4 Kh7 32. Qg4 Rdd7 33. Qf5+ Kh8 34. Qg4 f5 35. Qg3 Qc7
36. Rf2 g5 37. Bxf4 exf4 38. Qh3 Rh7 39. Re2 Rd8 40. Re6 Qd7 41. Qxf5 Rg8 42. Qe5+
Qg7 43. Qd6 Qd7 44. Qe5+ Qg7 45. Qd6 Qd7 46. Qxa6 d3 47. cxd3 Rd8 48. Rxh6 Rxh6 49.
Qxh6+ Qh7 50. Qxg5 Rg8 51. Qf6+ Rg7 52. Rxg7 Qxg7 53. Qxg7+ Kxg7 54. a5 Kf6 55. a6
 1-0

[Event "1. OEsterreichische Internet Schach Meisterschaft - Vorrunde 3"]
[Site "Online - Playchess.com"]
[Date ""]
[Round "3"]
[Board "48"]
[White "Keim, Philipp"]
[Black "Ehs, Dominik"]
[Result "1/2-1/2"]
[WhiteElo "1926"]
[BlackElo "2070"]
[PlyCount "153"]
[EventDate "2020.04.17"]
[EventRounds "9"]
[EventCountry "AUT"]

1. Nf3 Nf6 2. c4 g6 3. Nc3 d6 4. d4 Bg7 5. g3 O-O 6. Bg2 Nbd7 7. O-O e5 8. dxe5 dxe5
9. e4 c6 10. h3 Qe7 11. Be3 Nc5 12. Nd2 Rd8 13. Qc2 a5 14. a3 Be6 15. b4 Nd3 16.
Nd5 cxd5 17. exd5 Bf5 18. g4 Nxb4 19. Qb3 Nc2 20. gxf5 Nxa1 21. Rxa1 gxf5 22. Bg5
h6 23. Bh4 Qc7 24. Qg3 Kh7 25. Rb1 f4 26. Qd3+ Kh8 27. Qf5 Qd6 28. Ne4 Nxe4 29. Bxe4
Qg6+ 30. Qxg6 fxg6 31. Bxg6 Rdc8 32. Bd3 Rc7 33. f3 Rf8 34. Bf2 Bf6 35. c5 Rg7+ 36.
Kf1 Rd8 37. d6 Bg5 38. Rb5 a4 39. Ra5 e4 40. Bxe4 Bf6 41. Rxa4 Be5 42. Ra7 Rc8 43.
Rxb7 Rxb7 44. Bxb7 Rb8 45. Bd5 Rb1+ 46. Kg2 Rd1 47. Be4 Rd2 48. Kf1 Rd1+ 49. Ke2
Rd4 50. Bxd4 Bxd4 51. Kd3 Bxc5 52. d7 Be7 53. Kc4 Kg7 54. Kd5 Kf6 55. Kc6 Bd8 56.
a4 Ke7 57. a5 Bxa5 58. Bg6 Kd8 59. h4 Be1 60. h5 Bh4 61. Bf5 Bg5 62. Kd5 Bh4 63.
Ke6 Bg5 64. Kf7 Bh4 65. Kg6 Bg5 66. Bg4 Ke7 67. Kf5 Kd8 68. Kg6 Ke7 69. Kg7 Kd8 70.
Kf7 Bh4 71. Ke6 Bg5 72. Kf5 Kxd7 73. Kg6+ Kd6 74. Kf5 Kd5 75. Kg6 Kd4 76. Kf5 Ke3
77. Kg6  1/2-1/2

[Event "1. OEsterreichische Internet Schach Meisterschaft - Vorrunde 3"]
[Site "Online - Playchess.com"]
[Date ""]
[Round "3"]
[Board "49"]
[White "Guetz, Wolfgang"]
[Black "Kwech, Martin"]
[Result "1-0"]
[WhiteElo "2078"]
[BlackElo "1105"]
[PlyCount "93"]
[EventDate "2020.04.17"]
[EventRounds "9"]
[EventCountry "AUT"]

1. e4 c5 2. Nf3 a6 3. c4 d6 4. d4 cxd4 5. Nxd4 Nf6 6. Nc3 e5 7. Nc2 Nc6 8. Bd3 Be7
9. O-O O-O 10. Nd5 Nxd5 11. cxd5 Nb8 12. Bd2 Nd7 13. b4 Nf6 14. Rc1 b5 15. Ne3 h6
16. a4 Bd7 17. a5 Rc8 18. Qf3 Nh7 19. Nf5 Bxf5 20. Qxf5 Bg5 21. f4 exf4 22. Bxf4
Bxf4 23. Qxf4 Qf6 24. Qe3 Qe7 25. Qb6 Rxc1 26. Rxc1 Qe5 27. h3 Qb2 28. Rb1 Qd2 29.
Bf1 Qc2 30. Re1 Qd2 31. Re2 Qxb4 32. Qxa6 Qd4+ 33. Kh1 Qa4 34. Qxd6 Qxa5 35. Rb2
Qe1 36. Qf4 Qc3 37. Rxb5 Qd4 38. Rb7 Qd1 39. d6 Nf6 40. e5 Nd5 41. Qf3 Qd2 42. d7
Rd8 43. Bb5 Qe1+ 44. Kh2 Qxe5+ 45. Qg3 Qxg3+ 46. Kxg3 Nc3 47. Bc6  1-0

[Event "1. OEsterreichische Internet Schach Meisterschaft - Vorrunde 3"]
[Site "Online - Playchess.com"]
[Date ""]
[Round "3"]
[Board "51"]
[White "Wiedermann, Daniel"]
[Black "Missethan, Michael"]
[Result "1-0"]
[WhiteElo "2048"]
[BlackElo "2015"]
[PlyCount "93"]
[EventDate "2020.04.17"]
[EventRounds "9"]
[EventCountry "AUT"]

1. d4 d5 2. c4 e6 3. Nc3 Nf6 4. cxd5 exd5 5. Bg5 Be7 6. Qc2 c6 7. e3 Nh5 8. Bxe7
Qxe7 9. Be2 g6 10. Bxh5 gxh5 11. Nge2 Qg5 12. Nf4 Nd7 13. h4 Qh6 14. O-O-O Nb6 15.
Kb1 Be6 16. g3 O-O-O 17. Rc1 Kb8 18. Qe2 Bg4 19. f3 Bf5+ 20. e4 dxe4 21. fxe4 Bg4
22. Qf2 Rhe8 23. Rhe1 Qd6 24. d5 cxd5 25. exd5 Rc8 26. Rxe8 Rxe8 27. Re1 Qd7 28.
Rxe8+ Qxe8 29. b3 Qe5 30. Kb2 f6 31. Qc5 Nd7 32. Qa5 Nb6 33. Qc5 Nd7 34. Qa5 Nb6
35. Qb4 Nd7 36. a4 Qe1 37. Qd6+ Ka8 38. Ne6 Qd2+ 39. Ka3 a6 40. Ne4 Bxe6 41. Nxd2
Bf5 42. Nc4 Ka7 43. Qc7 Ne5 44. Nd6 Bc8 45. Nxc8+ Ka8 46. Nd6 Ka7 47. Qxb7#  1-0

[Event "1. OEsterreichische Internet Schach Meisterschaft - Vorrunde 3"]
[Site "Online - Playchess.com"]
[Date ""]
[Round "3"]
[Board "53"]
[White "Riemelmoser, Stefan"]
[Black "Schroettner, Tobias Julian"]
[Result "1-0"]
[WhiteElo "2046"]
[BlackElo "1503"]
[PlyCount "187"]
[EventDate "2020.04.17"]
[EventRounds "9"]
[EventCountry "AUT"]

1. e4 c6 2. d4 d5 3. exd5 cxd5 4. c4 Nf6 5. Nc3 Nc6 6. Nf3 Bg4 7. cxd5 Nxd5 8. Qb3
Bxf3 9. gxf3 Qb6 10. Nxd5 Qxb3 11. axb3 O-O-O 12. Bc4 e6 13. Ne3 a6 14. Nc2 Nxd4
15. Nxd4 Rxd4 16. O-O Be7 17. Be3 Rd7 18. Rfd1 Rhd8 19. Rxd7 Rxd7 20. Rc1 Kd8 21.
Kf1 b5 22. Be2 Bf6 23. Rc2 Ke7 24. b4 Ke8 25. Rc8+ Rd8 26. Rxd8+ Bxd8 27. Bd4 g6
28. f4 Kd7 29. Bf3 Kc7 30. Ke2 Be7 31. Bc3 Kb6 32. Ke3 Kc7 33. Kd4 Bh4 34. Ke5 Kd7
35. Bd4 f6+ 36. Ke4 f5+ 37. Ke5 Be7 38. Bc5 Bd8 39. Kd4 Bc7 40. Ke3 Bd8 41. Bb7 a5
42. Ba6 Kc6 43. Bc8 axb4 44. Bxb4 Bb6+ 45. Kf3 Kd5 46. Bb7+ Kc4 47. Bc3 b4 48. Be5
Bd8 49. Ba6+ Kc5 50. Kg3 Kd5 51. Kf3 Kc5 52. Ke3 Kd5 53. Be2 Bb6+ 54. Kf3 Kc6 55.
Bc4 Kd7 56. Bb5+ Ke7 57. Kg3 Kf7 58. Bd6 Kf6 59. Bxb4 Bc7 60. Bc3+ Kf7 61. Bc4 g5
62. Be5 gxf4+ 63. Bxf4 Bb6 64. Be3 Bc7+ 65. Kf3 Kf6 66. Bf4 e5 67. Bg3 Kg5 68. Ke2
f4 69. h4+ Kg4 70. Bh2 Kxh4 71. f3 Kg5 72. Bg1 h5 73. b4 h4 74. Kf1 h3 75. b5 Bb8
76. Bf2 Kf5 77. Bd3+ Kg5 78. Kg1 Kf6 79. Kh2 Ke6 80. Kxh3 Kd5 81. Be4+ Kd6 82. Kg4
Ke6 83. Kg5 Bd6 84. Kg6 Kd7 85. Kf6 Bb8 86. Kf5 Kc8 87. Ke6 Kd8 88. Bc5 Kc8 89. Bd6
Ba7 90. Bxe5 Be3 91. Kf5 Kd7 92. Bxf4 Bxf4 93. Kxf4 Kc7 94. Bc6  1-0

[Event "1. OEsterreichische Internet Schach Meisterschaft - Vorrunde 3"]
[Site "Online - Playchess.com"]
[Date ""]
[Round "3"]
[Board "54"]
[White "Dilly, Julian"]
[Black "Charaus, Florian"]
[Result "0-1"]
[WhiteElo "1502"]
[BlackElo "2055"]
[PlyCount "122"]
[EventDate "2020.04.17"]
[EventRounds "9"]
[EventCountry "AUT"]

1. Nf3 Nf6 2. g3 d6 3. Bg2 e5 4. d3 g6 5. e4 Bg7 6. Nbd2 h5 7. O-O Bg4 8. h3 Bd7
9. c4 Nc6 10. Nb3 Qc8 11. Ng5 Bh6 12. h4 Bg4 13. Qe1 Nd7 14. f3 Bxg5 15. fxg4 Bxc1
16. Rxc1 hxg4 17. Qf2 O-O 18. d4 exd4 19. Nxd4 Nxd4 20. Qxd4 Ne5 21. c5 Qe6 22. Qd5
dxc5 23. Rxc5 Qxd5 24. Rxd5 Rfe8 25. b3 c6 26. Rd6 Rad8 27. Rfd1 Rd7 28. Rxd7 Nxd7
29. Rxd7 Rb8 30. a4 Kg7 31. e5 Kf8 32. Rd6 Ke7 33. Rd3 Ke6 34. Re3 Rd8 35. Bf1 Rd2
36. Bc4+ Ke7 37. Kf1 a6 38. Ke1 Rg2 39. Bf1 Rb2 40. Bc4 b5 41. axb5 axb5 42. Be2
Rb1+ 43. Bd1 Ke6 44. Kd2 Rb2+ 45. Kc1 Rg2 46. b4 Kd5 47. Bb3+ Kd4 48. Re1 Rxg3 49.
Bxf7 Rc3+ 50. Kb2 Rf3 51. Bxg6 g3 52. e6 Rf2+ 53. Kb3 g2 54. e7 Rf3+ 55. Kb2 Rf2+
56. Kb1 Rf1 57. e8=Q g1=Q 58. Qd7+ Kc3 59. Rxf1 Qxf1+ 60. Ka2 Qe2+ 61. Ka1 Qb2#  0-1

[Event "1. OEsterreichische Internet Schach Meisterschaft - Vorrunde 3"]
[Site "Online - Playchess.com"]
[Date ""]
[Round "3"]
[Board "55"]
[White "Sulzbacher, Michael"]
[Black "Wimmer, Michael"]
[Result "1-0"]
[WhiteElo "2018"]
[BlackElo "1559"]
[PlyCount "141"]
[EventDate "2020.04.17"]
[EventRounds "9"]
[EventCountry "AUT"]

1. b3 e5 2. Bb2 Nc6 3. g3 d5 4. Bg2 Nf6 5. e3 Be6 6. Ne2 Bd6 7. O-O O-O 8. h3 Qd7
9. Kh2 h6 10. f4 exf4 11. Nxf4 Ne4 12. d3 Nxg3 13. Kxg3 g5 14. Rg1 Kh7 15. Nd2 gxf4+
16. exf4 Rg8+ 17. Kf3 Bxh3 18. Kf2 Bxf4 19. Qf3 Bxg2 20. Qxf4 Bh3 21. Nf3 Qf5 22.
Qxf5+ Bxf5 23. Rae1 Rxg1 24. Kxg1 Rg8+ 25. Kf2 Kg6 26. Nh4+ Kg5 27. Rg1+ Bg4 28.
Nf3+ Kf5 29. Nh4+ Kf4 30. Bc1+ Ke5 31. Bxh6 f5 32. Nf3+ Ke6 33. Bf4 Rh8 34. Rg2 Kf6
35. Bg5+ Ke6 36. Bd2 Rh3 37. Ng5+ Kf6 38. Nxh3 Bxh3 39. Rh2 Bg4 40. c3 d4 41. cxd4
Nxd4 42. Bc3 c5 43. Bxd4+ cxd4 44. Rh7 a6 45. Rxb7 f4 46. Rb6+ Ke5 47. Rxa6 f3 48.
Ra8 Kf4 49. Rd8 Be6 50. Rxd4+ Ke5 51. Re4+ Kd5 52. Rxe6 Kxe6 53. Kxf3 Kd5 54. Ke3
Kc5 55. a3 Kb5 56. d4 Kc6 57. Ke4 Kd6 58. d5 Kc7 59. Kd4 Kd6 60. Kc4 Kc7 61. Kc5
Kd7 62. a4 Kc7 63. a5 Kb7 64. b4 Kc7 65. b5 Kb7 66. d6 Kc8 67. Kc6 Kb8 68. d7 Ka7
69. Kc7 Ka8 70. d8=Q+ Ka7 71. Qb8#  1-0

[Event "1. OEsterreichische Internet Schach Meisterschaft - Vorrunde 3"]
[Site "Online - Playchess.com"]
[Date ""]
[Round "3"]
[Board "56"]
[White "Mayrhuber, Tobias"]
[Black "Kanzian, Heinz"]
[Result "1-0"]
[WhiteElo "2045"]
[BlackElo "1642"]
[PlyCount "87"]
[EventDate "2020.04.17"]
[EventRounds "9"]
[EventCountry "AUT"]

1. e4 e5 2. Nf3 d6 3. d4 exd4 4. Nxd4 Be7 5. Nc3 Bf6 6. Be3 Ne7 7. Bc4 O-O 8. h4
Nbc6 9. Qd2 Nxd4 10. Bxd4 Nc6 11. Bxf6 Qxf6 12. O-O-O Be6 13. Bb3 Bxb3 14. axb3 Ne5
15. Nd5 Qd8 16. f4 Nc6 17. f5 f6 18. Nf4 Qe7 19. Ne6 Rfe8 20. Rh3 a5 21. Rg3 Ne5
22. Rxg7+ Qxg7 23. Nxg7 Kxg7 24. Qc3 Rec8 25. Rg1 a4 26. bxa4 Rxa4 27. b3 Ra6 28.
g4 Rc6 29. Qe3 h6 30. g5 Ra8 31. gxh6+ Kh8 32. Kb2 Rg8 33. Rxg8+ Kxg8 34. Qg3+ Kf8
35. Qg7+ Ke8 36. h7 Nf7 37. Qxf6 d5 38. h8=Q+ Nxh8 39. Qxh8+ Kd7 40. exd5 Rd6 41.
Qe5 c6 42. c4 cxd5 43. cxd5 Rb6 44. f6  1-0

[Event "1. OEsterreichische Internet Schach Meisterschaft - Vorrunde 3"]
[Site "Online - Playchess.com"]
[Date ""]
[Round "3"]
[Board "57"]
[White "Kienboeck, Benjamin"]
[Black "Marakovits, Nico"]
[Result "0-1"]
[WhiteElo "1922"]
[BlackElo "2105"]
[PlyCount "74"]
[EventDate "2020.04.17"]
[EventRounds "9"]
[EventCountry "AUT"]

1. e4 c5 2. Nf3 e6 3. Nc3 Nc6 4. d4 cxd4 5. Nxd4 Nf6 6. Be3 Bb4 7. Bd3 d5 8. Bg5
Nxd4 9. O-O Bxc3 10. bxc3 Nc6 11. Re1 dxe4 12. Bxf6 Qxf6 13. Bxe4 O-O 14. Re3 Ne7
15. Rh3 Ng6 16. Qh5 h6 17. Rg3 Nf4 18. Qg4 e5 19. Qf3 Bf5 20. Bxb7 Rab8 21. Bd5 Nxd5
22. Qxd5 Be6 23. Qe4 Qf5 24. Qe2 Rfd8 25. Rf3 Qg5 26. Re1 f6 27. Rg3 Qd2 28. Qxd2
Rxd2 29. f4 exf4 30. Rd3 Rxd3 31. cxd3 Bxa2 32. Kf2 Rb2+ 33. Kf3 g5 34. g3 Bd5+ 35.
Kg4 f3 36. c4 f2 37. Rf1 Bg2  0-1

[Event "1. OEsterreichische Internet Schach Meisterschaft - Vorrunde 3"]
[Site "Online - Playchess.com"]
[Date ""]
[Round "3"]
[Board "58"]
[White "Schwarz, Benedikt"]
[Black "Lerch, Johannes"]
[Result "0-1"]
[WhiteElo "1815"]
[BlackElo "2005"]
[PlyCount "90"]
[EventDate "2020.04.17"]
[EventRounds "9"]
[EventCountry "AUT"]

1. d4 d5 2. Bf4 Nf6 3. e3 c5 4. c3 Nc6 5. Nd2 e6 6. Ngf3 Bd6 7. Bg3 b6 8. Bd3 Bb7
9. Qe2 Ne7 10. Ne5 Nf5 11. Bxf5 exf5 12. Ndf3 Ne4 13. Bh4 f6 14. Nd2 Qc7 15. Qh5+
Kf8 16. Ng6+ hxg6 17. Qxh8+ Kf7 18. Qh7 Rf8 19. Nxe4 dxe4 20. Bg3 Qd8 21. Bxd6 Rh8
22. Qxh8 Qxh8 23. dxc5 bxc5 24. Bxc5 a6 25. O-O-O Qc8 26. Ba3 Ke8 27. Rd2 Qc4 28.
Rhd1 Bc6 29. Kb1 g5 30. Rd8+ Kf7 31. Rf8+ Kg6 32. Rfd8 Ba4 33. Rc1 Qe2 34. b3 Bc6
35. Rd6 Be8 36. Rcd1 Bf7 37. R6d2 Qb5 38. c4 Bxc4 39. Bb2 Bd3+ 40. Ka1 a5 41. Bc3
a4 42. Kb2 axb3 43. axb3 Bc4 44. b4 Qa4 45. Ra1 Qb3+  0-1